Virtudes y valores para los niños del mundo / (Registro nro. 14747)
[ vista simple ]
| 000 -LIDER | |
|---|---|
| fixed length control field | 01208nam a22003491 4500 |
| 001 - NÚMERO DE CONTROL | |
| Identificador de número de control | 01107648 |
| 003 - IDENTIFICACDOR DE NÚMERO DE CONTROL | |
| control field | DO-SdBNP |
| 005 - DATE AND TIME OF LATEST TRANSACTION | |
| control field | 20240723132000.0 |
| 007 - CAMPOS FIJOS DE DESCRIPCIÓN FÍSICA | |
| fixed length control field | 01107648 |
| 008 - ELEMENTOS DE LONGITUD FIJA | |
| fixed length control field | 920725s2006 cl spa |
| 017 ## - NÚMERO DE REGISTRO DE DERECHOS DE AUTOR | |
| Copyright or legal deposit number | |
| Assigning agency | |
| 020 ## - ISBN | |
| International Standard Book Number | 9587030842 (O.C) |
| 035 ## - NÚMERO LOCAL | |
| System control number | |
| 040 ## - FUENTE DE CATALOGACIÓN | |
| Agencia que crea de manera original el registro | BPMSU |
| Idioma de catalogación | spa |
| Agencia que realiza la transcripción | BPMSU |
| 082 #4 - NÚMERO DE CLASIFICACIÓN DECIMAL DE DEWEY | |
| Classification number | 370.114 |
| Item number | C268v. 2006 |
| Edition number | 22 |
| 100 1# - ASIENTO PRINCIPAL -- NOMBRE PERSONAL | |
| Nombre personal | Cardona Prieto, Marcela. |
| 245 10 - MENCIÓN DE TITULO | |
| Título | Virtudes y valores para los niños del mundo / |
| Mención de responsabilidad | Marcela Cardona Prieto, Paola Guarnizo Latorre ; ilustraciones Humberto Ruíz, Carolina Ponce. |
| Medio (Designación general de material) | |
| Subtítulo | |
| 260 ## - PUBLICACIÓN, DISTRIBUCIÓN, ETC. (PIE DE IMPRENTA) | |
| Lugar de publicación, distribución, etc | Barcelona : |
| Nombre del editor, distribuidor, etc. | Sintes, |
| Fecha de publicación, distribución, etc | 1966 |
| 300 ## - DESCRIPCIÓN FÍSICA | |
| Extensión | 270 p. : |
| Dimensiones | 17 cm |
| 490 0# - MENCIÓN DE SERIES | |
| Mención de serie | Mi casita de virtudes |
| Volume/sequential designation | |
| 505 ## - NOTA DE CONTENIDO | |
| Texto normalizado de contenido | v.1 Devocionario. -- v.2 Urbanidad. -- v.3 Principios. -- v.4 Cuaderno taller. |
| 590 ## - NOTA LOCAL | |
| Texto de la nota local | Inventariado, 2024/VM |
| 650 #4 - ENCABEZAMIENTO DE MATERIA--TEMÁTICO | |
| Término temático o nombre geográfico como elemento de entrada | Valores sociales |
| Subdivisión de forma | Cuentos infantiles. |
| Fuente del encabezamiento o término | |
| 650 #4 - ENCABEZAMIENTO DE MATERIA--TEMÁTICO | |
| Término temático o nombre geográfico como elemento de entrada | Educación para la vida familiar |
| 650 #4 - ENCABEZAMIENTO DE MATERIA--TEMÁTICO | |
| Término temático o nombre geográfico como elemento de entrada | Respecto por las personas |
| 650 #4 - ENCABEZAMIENTO DE MATERIA--TEMÁTICO | |
| Término temático o nombre geográfico como elemento de entrada | Disciplina infantil |
| Subdivisión de forma | |
| Fuente del encabezamiento o término | |
| 700 1# - ASIENTO SECUNDARIO -- NOMBRE PERSONAL | |
| Nombre personal | Guarnizo Latorre, Paola. |
| 700 1# - ASIENTO SECUNDARIO -- NOMBRE PERSONAL | |
| Nombre personal | Ruíz, Humberto, |
| Mención de responsabilidad | ilustración |
| 700 1# - ASIENTO SECUNDARIO -- NOMBRE PERSONAL | |
| Nombre personal | Ponce, Carolina |
| Mención de responsabilidad | ilustración |
| 910 ## - VALIDACIÓN | |
| Validación | VMateo V. Control de calidad. BPMSU |
| 942 ## - ADDED ENTRY ELEMENTS (KOHA) | |
| Source of classification or shelving scheme | Dewey Decimal Classification |
| Koha item type | Libros |
| Withdrawn status | Lost status | Source of classification or shelving scheme | Damaged status | Not for loan | Collection code | Home library | Current library | Date acquired | Total Checkouts | Full call number | Barcode | Date last seen | Copy number | Price effective from | Koha item type |
|---|---|---|---|---|---|---|---|---|---|---|---|---|---|---|---|
| Dewey Decimal Classification | Colección Infantil General | Biblioteca Pública Metropolitana Salomé Ureña | Biblioteca Pública Metropolitana Salomé Ureña | 07/23/2024 | BPMSU CGI 370.114 C268v. 2006 | BPMSU24070103 | 07/23/2024 | v.1 | 07/23/2024 | Libros | |||||
| Dewey Decimal Classification | Colección Infantil General | Biblioteca Pública Metropolitana Salomé Ureña | Biblioteca Pública Metropolitana Salomé Ureña | 07/23/2024 | BPMSU CGI 370.114 C268v. 2006 | BPMSU24070104 | 07/23/2024 | v.2 | 07/23/2024 | Libros | |||||
| Dewey Decimal Classification | Colección Infantil General | Biblioteca Pública Metropolitana Salomé Ureña | Biblioteca Pública Metropolitana Salomé Ureña | 07/23/2024 | BPMSU CGI 370.114 C268v. 2006 | BPMSU24090020 | 09/06/2024 | v.1,e.2 | 07/23/2024 | Libros | |||||
| Dewey Decimal Classification | Colección Infantil General | Biblioteca Pública Metropolitana Salomé Ureña | Biblioteca Pública Metropolitana Salomé Ureña | 07/23/2024 | BPMSU CGI 370.114 C268v. 2006 | BPMSU24090021 | 09/06/2024 | v.2, e.2 | 07/23/2024 | Libros | |||||
| Dewey Decimal Classification | Colección Infantil General | Biblioteca Pública Metropolitana Salomé Ureña | Biblioteca Pública Metropolitana Salomé Ureña | 07/23/2024 | BPMSU CGI 370.114 C268v. 2006 | BPMSU24090022 | 09/06/2024 | v.3 | 07/23/2024 | Libros | |||||
| Dewey Decimal Classification | Colección Infantil General | Biblioteca Pública Metropolitana Salomé Ureña | Biblioteca Pública Metropolitana Salomé Ureña | 07/23/2024 | BPMSU CGI 370.114 C268v. 2006 | BPMSU24090023 | 09/06/2024 | v.3, e.2 | 07/23/2024 | Libros | |||||
| Dewey Decimal Classification | Colección Infantil General | Biblioteca Pública Metropolitana Salomé Ureña | Biblioteca Pública Metropolitana Salomé Ureña | 07/23/2024 | BPMSU CGI 370.114 C268v. 2006 | BPMSU24090041 | 09/17/2024 | v.1, e.2 | 07/23/2024 | Libros | |||||
| Dewey Decimal Classification | Colección Infantil General | Biblioteca Pública Metropolitana Salomé Ureña | Biblioteca Pública Metropolitana Salomé Ureña | 07/23/2024 | BPMSU CGI 370.114 C268v. 2006 | BPMSU24090042 | 09/17/2024 | v.3, e.3 | 07/23/2024 | Libros | |||||
| Dewey Decimal Classification | Colección Infantil General | Biblioteca Pública Metropolitana Salomé Ureña | Biblioteca Pública Metropolitana Salomé Ureña | 07/23/2024 | BPMSU CGI 370.114 C268v 2006 | BPMSU24090043 | 09/17/2024 | v.2, e.3 | 07/23/2024 | Libros |